000 00856nam0a22002291 4500
001 rc\487890
005 20030616171346.9
035 _a(NLR Aleph) 005730090
090 _a7569675
_c7569675
100 _a20030616d1988 u |0rusy50 ca
101 0 _arus
102 _aRU
105 _aa |||||||||
200 1 _aВнешние задачи теплообмена при гравитационной конвекции
_eТекст лекций
_fГос. ком. СССР по нар. образованию, Моск. лесотехн. ин-т. [Каф. телпотехники]
210 _aМ.
_cМоск. лесотехн. ин-т
_d1988
215 _a71 с.
_cил.
_d20
700 1 _aБрдлик
_bП. М.
_gПавел Матвеевич
801 0 _aRU
_bNLR
_gpsbo
801 1 _aRU
_bELAR
_2rusmarc
852 _aNLR
_j89-4/7872
942 _cBOOK
980 _aNB